Statistiken für Wappen zu Stadt (Österreich)

Klicken Sie hier um das Quiz zu spielen!

Allgemein

  • Dieses Quiz wurde 26 mal gespielt
  • Das Durchschnittsergebnis liegt bei 6 aus 28

Antwortstatistiken

Antwort% Korrekt
Klagenfurt am Wörthersee
74%
Innsbruck
47%
Feldkirch
42%
Steyr
42%
Hallein
37%
Kitzbühel
32%
Mistelbach
32%
St. Pölten
32%
Bludenz
26%
Leoben
26%
Ried im Innkreis
21%
Spittal an der Drau
21%
Lienz
16%
Oberwart
16%
Rankweil
16%
Bischofshofen
11%
Fürstenfeld
11%
Korneuburg
11%
Leonding
11%
Oberpullendorf
11%
Saalfelden
11%
Schwechat
11%
Zell am See
11%
Amstetten
5%
Arnoldstein
5%
Deutschlandsberg
5%
Parndorf
5%
Seiersberg-Pirka
5%

Verteilung der Resultate

Perzentil nach korrekt beantworteten Fragen

Anzahl Personen mit jedem Resultat

Ihre Resultats-Entwicklung

Sie haben dieses Quiz noch nicht gespielt